000 00663nam a2200217 a 4500
005 20220818091820.0
008 991125s1975 mx 000 0 spa u
035 _aUPN01000000285
049 _aCG
050 4 _aHV112 R4
_bR4 no.20
100 1 _aVargas Hernández, Alejo
245 1 0 _aAccidentes en el hogar, escuela y edificios /
_cAlejo Vargas Hernández.
260 _aMéxico :
_bSSA,
_c1975.
300 _a[12] p.
440 0 _aIV Reunión Nacional de Salud Pública ;
_v20
500 _a"Accidentes"
500 _aDisponible en la Colección Medina
650 7 _aAccidentes
_xPrevención
_2
_999
650 2 _aAccidentes domésticos
_9102
905 _aLibro
999 _c285
_d285